სელჩუკები და საქართველო XI საუკუნეში / (ბიბ.ჩანაწერი № 56409)
[ მარტივი ფორმატი ]
| 000 -ლიდერი | |
|---|---|
| ფიქსირებული სიგრძის საკონტროლო ველი | 01359nam a2200229Ia 4500 |
| 001 - საკონტროლო ნომერი | |
| საკონტროლო ველი | 23522 |
| 003 - საკონტროლო ნომრის იდენტიფიკატორი | |
| საკონტროლო ველი | GE_BSU |
| 005 - ბოლო ოპერაციის თარიღი და დრო | |
| საკონტროლო ველი | 20220530105438.0 |
| 008 - ფიქსირებული სიგრძის მონაცემთა ელემენტები - ზოგადი ინფორმაცია | |
| ფიქსირებული სიგრძის საკონტროლო ველი | 181216s1968||||ge |||||||||||||| ||geo|| |
| 040 ## - კატალოგიზაციის წყარო | |
| Transcribing agency | GE_BSU |
| 041 ## - ენის კოდი | |
| Language code of text/sound track or separate title | geo |
| 080 ## - უნივერსალური ათობითი კლასიფიკაციის ინდექსი | |
| Universal Decimal Classification number | 94(479.22)"10'' შ-48 |
| 100 ## - მთავარი ჩანაწერი - პიროვნების სახელი | |
| Personal name | შენგელია, ნოდარ |
| 9 (RLIN) | 13874 |
| 245 ## - ცნობა სათაურის შესახებ | |
| Title | სელჩუკები და საქართველო XI საუკუნეში / |
| Statement of responsibility, etc | ნოდარ შენგელია ; ივ. ჯავახიშვილის სახ. ისტორიის, არქეოლოგიისა და ეთნოგრაფიის ინ-ტი. |
| 264 ## - წარმოების, გამოცემის, დისტრიბუციის და სხვა ცნობები | |
| გამოცემის, წარმოების, დისტრიბუციის... ადგილი | თბილისი : |
| გამოცემის, წარმოების, დისტრიბუციის... სახელწოდება | მეცნიერება, |
| გამოცემის, წარმოების, დისტრიბუციის... თარიღი | 1968. |
| 300 ## - ფიზიკური აღწერა | |
| Extent | 437 გვ.; |
| Other physical details | 22 სმ.. |
| 501 ## - შენიშვნა თანმხლებ მასალაზე | |
| With note | პირთა საძიებელი: გვ. 405-421 გეოგრაფიული საძიებელი: გვ. 422-434. |
| 520 ## - SUMMARY, ETC. | |
| Summary, etc | რეზუმე რუსულ და ინგლისურ ენებზე. |
| 653 ## - INDEX TERM--UNCONTROLLED | |
| Uncontrolled term | საქართველოს ისტორია -- XI ს. |
| 710 ## - ADDED ENTRY--CORPORATE NAME | |
| Corporate name or jurisdiction name as entry element | ივ. ჯავახიშვილის სახ. ისტორიის, არქეოლოგიისა და ეთნოგრაფიის ინსტიტუტი. |
| 9 (RLIN) | 13875 |
| 942 ## - ADDED ENTRY ELEMENTS (KOHA) | |
| Koha item type | წიგნი |
| Source of classification or shelving scheme | |
| ჩამოწერის სტატუსი | დაკარგული ეგზემპლარის სტატუსი | კლასიფიკაციის წყარო ან თაროზე გაწყობის სქემა | დაზიანების სტატუსი | არ გაიცემა | მუდმივი მდებარეობა (დაცვის ადგილი) | ამჟამინდელი ადგილსამყოფელი | თაროზე განთავსების ადგილი | შეძენის თარიღი | ღირებულება, შესყიდვის ნორმალური ფასი | სრული შენახვის შიფრი | შტრიხკოდი | ბოლო ოპერაციის თარიღი | ეგზემპლარის მიმდევრობითი ნომერი (კეტერი?) | ფასის ძალაში შესვლის თარიღი | ეგზემპლარის სახეობა | საჯარო შენიშვნა |
|---|---|---|---|---|---|---|---|---|---|---|---|---|---|---|---|---|
| ბათუმის შოთა რუსთაველის სახელმწიფო უნივერსიტეტის მთავარი ბიბლიოთეკა | ბათუმის შოთა რუსთაველის სახელმწიფო უნივერსიტეტის მთავარი ბიბლიოთეკა | წიგნსაცავი | 2018-12-17 | 4.94 | 94(479.22) | 28414 | 2018-12-17 | 28414 | 2018-12-17 | წიგნი | 4 ლ. 94 თ. |
